A gartota da Oceania (Record no. 156094)

MARC details
000 -LÍDER
campo de controle de tamanho fixo 00316 a2200133 4500
001 - NÚMERO DE CONTROLE
campo de controle 156094
040 ## - FONTE DA CATALOGAÇÃO
Instituição que transcreveu o registro Escola São Tomás de Aquino
100 ## - ENTRADA PRINCIPAL--NOME PESSOAL
Nome pessoal FERREIRA, Carlos César
240 10 - TÍTULO UNIFORME
Título uniforme A gartota da Oceania
Idioma da obra por
245 10 - TÍTULO
Título A gartota da Oceania
362 0# - DATAS DE PUBLICAÇÃO E/OU DESIGNAÇÃO SEQUENCIAL
Datas de publicação e/ou designação sequencial 2012
697 ## - ENTRADA DE ASSUNTO LOCAL--ENTIDADE COLETIVA (RLIN)
Nome corporativo ou nome da jurisdição *LITERATURA JUVENIL
942 ## - ELEMENTOS DE ENTRADA ADICIONADOS (KOHA)
Tipo de material Koha Livros
Holdings
Situação do descarte Situação das perdas Situação física Não pode ser emprestado Biblioteca de origem Biblioteca atual Data de aquisição Total de empréstimos Número de chamada completo Código de barras Data de último acesso Data do preço efetivo Tipo de material Koha
        ESTA - SÃO BENTO ESTA - SÃO BENTO 30/04/2024   028.54 FER GAR EST00010184 30/04/2024 30/04/2024 Livros